I dare you to answer the first question first. - Statistics

General Stats
  • This quiz has been taken 67 times
  • The average score is 6 of 6
Answer Stats
Hint Answer % Correct
Type g g
98%
type r r
98%
type e e
96%
type e e
96%
type k k
96%
Type Greek Greek
94%
No matching quizzes found
Score Distribution
Percent of People with Each Score
Percentile by Number Answered
Your Score History
You have not taken this quiz